[Event "FIDE World Youth U16 Chess Olympiad SLOVAKIA 2016"]
[Site "Poprad Tatry SLOVAKIA"]
[Date "2016.07.27"]
[Round "6"]
[Board "1"]
[White "Miesbauer, Jan"]
[Black "Engel, Luis"]
[Result "0-1"]
[WhiteElo "2321"]
[BlackElo "2276"]
[PlyCount "106"]
[EventDate "2016.07.22"]
[EventType "team"]
[EventRounds "9"]
[EventCountry "SVK"]
[WhiteTeam "Czech republic"]
[BlackTeam "Germany 2"]

1. d4 d5 2. c4 c6 3. Nf3 Nf6 4. Nc3 a6 5. g3 b5 6. c5 Nbd7 7. Bg2 g6 8. O-O Bg7
9. Bf4 Nh5 10. Be3 a5 11. a3 O-O 12. Qd2 Re8 13. Bh6 Bh8 14. e4 dxe4 15. Nxe4
Bb7 16. Rfe1 Qc7 17. Qe2 Ndf6 18. Neg5 e6 19. Ne5 Re7 20. Qf3 Nd5 21. Bh3 f5
22. Re2 Rae8 23. Rae1 Bc8 24. Bg2 Nhf6 25. h4 Bg7 26. Bxg7 Kxg7 27. Nh3 Bb7 28.
Nf4 Qc8 29. Nxd5 exd5 30. b4 a4 31. Qf4 Qc7 32. Qg5 Ne4 33. Bxe4 dxe4 34. h5
Re6 35. hxg6 hxg6 36. g4 Qd8 37. Qe3 Qh4 38. Kg2 Rh8 39. Qg3 Qxg3+ 40. Kxg3 Rd8
41. gxf5 gxf5 42. Kf4 Rxd4 43. Rg1+ Kf8 44. Rg5 e3+ 45. Kxf5 Bc8 46. Rg6 Re7+
47. Kf6 Rf4+ 48. Kg5 Rf5+ 49. Kh4 exf2 50. Rxc6 Rh7+ 51. Kg4 f1=Q 52. Rxc8+ Ke7
53. Rc7+ Kd8 0-1

[Event "FIDE World Youth U16 Chess Olympiad SLOVAKIA 2016"]
[Site "Poprad Tatry SLOVAKIA"]
[Date "2016.07.27"]
[Round "6"]
[Board "2"]
[White "Kopylov, Daniel"]
[Black "Anaskin, Arsenij"]
[Result "1-0"]
[WhiteElo "2034"]
[BlackElo "2139"]
[PlyCount "103"]
[EventDate "2016.07.22"]
[EventType "team"]
[EventRounds "9"]
[EventCountry "SVK"]
[WhiteTeam "Germany 2"]
[BlackTeam "Czech republic"]

1. e4 d6 2. d4 Nf6 3. Nc3 e5 4. Nf3 Nbd7 5. Bc4 Be7 6. O-O O-O 7. Re1 a6 8. a4
b6 9. Bg5 Bb7 10. Qd2 Re8 11. Rad1 exd4 12. Qxd4 Ng4 13. Bxe7 Qxe7 14. Nd5 Qd8
15. Ba2 Nge5 16. Nxe5 Rxe5 17. f4 Rh5 18. h3 Nc5 19. f5 Qd7 20. b4 Nxa4 21. f6
Bxd5 22. Bxd5 Re8 23. fxg7 Rg5 24. Rf1 Rxg7 25. Rf5 c5 26. Qf6 Qe7 27. Bc6 Qxf6
28. Rxf6 Nc3 29. Rdxd6 Rb8 30. bxc5 bxc5 31. Rf5 c4 32. Kf2 Rg6 33. e5 Rb2 34.
Rd8+ Kg7 35. Bf3 Rxc2+ 36. Ke3 Na4 37. Rd7 Rc3+ 38. Kf2 Rc2+ 39. Kg1 Nc5 40.
Rfxf7+ Kg8 41. Ra7 Rd2 42. Rfc7 Ne6 43. Rc8+ Nf8 44. Raa8 c3 45. Rxf8+ Kg7 46.
Rg8+ Kf7 47. Rxg6 hxg6 48. Rc8 c2 49. Kh2 a5 50. Be4 Re2 51. Bxc2 Rxe5 52. Rc7+
 1-0

[Event "FIDE World Youth U16 Chess Olympiad SLOVAKIA 2016"]
[Site "Poprad Tatry SLOVAKIA"]
[Date "2016.07.27"]
[Round "6"]
[Board "3"]
[White "Jelinek, Michal"]
[Black "Pajeken, Jakob Leon"]
[Result "0-1"]
[WhiteElo "2176"]
[BlackElo "2051"]
[PlyCount "166"]
[EventDate "2016.07.22"]
[EventType "team"]
[EventRounds "9"]
[EventCountry "SVK"]
[WhiteTeam "Czech republic"]
[BlackTeam "Germany 2"]

1. d4 d5 2. c4 dxc4 3. e4 c5 4. d5 e6 5. Bxc4 Nf6 6. Nc3 exd5 7. Nxd5 Nxd5 8.
Bxd5 Be7 9. Ne2 O-O 10. O-O Qb6 11. Be3 Nc6 12. Qd2 Rd8 13. Rfd1 Be6 14. Nc3
Nb4 15. Rac1 Rac8 16. b3 Qa6 17. a4 Bf6 18. Qe2 Qxe2 19. Nxe2 Nxd5 20. exd5
Rxd5 21. Rxd5 Bxd5 22. b4 c4 23. Bxa7 Ra8 24. Be3 Rxa4 25. Nf4 Be6 26. Nxe6
fxe6 27. Rxc4 b5 28. Rc8+ Kf7 29. Bd2 Be7 30. Rc7 Ra1+ 31. Rc1 Rxc1+ 32. Bxc1
Bxb4 33. Kf1 e5 34. Ke2 Ke6 35. Kd3 Kd5 36. f3 Be1 37. Ke2 Ba5 38. Kd3 Bb6 39.
Bd2 Bc5 40. Bc1 b4 41. Bd2 b3 42. Ba5 Bd4 43. Bb4 h5 44. Be7 Ke6 45. Bg5 Kf5
46. Bd2 g6 47. Bh6 b2 48. Kc2 e4 49. fxe4+ Kxe4 50. Bg5 Kf5 51. Bd2 Kg4 52. Kb1
Be5 53. Be1 h4 54. h3+ Kh5 55. Kc2 g5 56. Bb4 Kg6 57. Be7 Kf5 58. Bd8 Bf6 59.
Bc7 Ke4 60. Bb6 Kf4 61. Bf2 Bc3 62. Kb1 Ke4 63. Bb6 Kf5 64. Bc7 Bf6 65. Kc2 Bd4
66. Bd8 Be5 67. Bb6 Ke4 68. Bd8 Kf4 69. Be7 Kf5 70. Bd8 Bf6 71. Bc7 Ke4 72. Bb6
Be5 73. Bd8 Bf4 74. Bb6 b1=Q+ 75. Kxb1 Kd3 76. Bd8 Ke2 77. Kc2 Kf2 78. Kd1 Kxg2
79. Ke2 Kxh3 80. Kf1 Kh2 81. Be7 h3 82. Bc5 g4 83. Bg1+ Kh1 0-1

[Event "FIDE World Youth U16 Chess Olympiad SLOVAKIA 2016"]
[Site "Poprad Tatry SLOVAKIA"]
[Date "2016.07.27"]
[Round "6"]
[Board "4"]
[White "Schulze, Lara"]
[Black "Dolansky, Lukas"]
[Result "0-1"]
[WhiteElo "2103"]
[BlackElo "2102"]
[PlyCount "92"]
[EventDate "2016.07.22"]
[EventType "team"]
[EventRounds "9"]
[EventCountry "SVK"]
[WhiteTeam "Germany 2"]
[BlackTeam "Czech republic"]

1. e4 e5 2. Nf3 Nc6 3. Bb5 a6 4. Ba4 Nf6 5. O-O Be7 6. Re1 b5 7. Bb3 O-O 8. d4
Nxd4 9. Nxd4 exd4 10. e5 Ne8 11. c3 dxc3 12. Nxc3 d6 13. Qf3 Rb8 14. Bf4 dxe5
15. Bxe5 Bd6 16. Rad1 Qg5 17. Ne4 Qg6 18. Bxd6 Bg4 19. Qf4 Bxd1 20. Bxf8 Bxb3
21. axb3 Kxf8 22. Nc5 Kg8 23. h3 Qc6 24. Re7 Nd6 25. Nd7 Rc8 26. f3 h6 27. Ne5
Qd5 28. Rd7 Qxb3 29. Nc6 Qe6 30. Re7 Qd5 31. Nb4 Qc5+ 32. Kh2 g5 33. Qg4 Nf5
34. Re4 Nd6 35. Nxa6 Qb6 36. Nb4 f5 37. Qh5 Nxe4 38. fxe4 Qd6+ 39. g3 Ra8 40.
Nd5 fxe4 41. Qd1 Rd8 42. Qh5 Qxd5 43. Qg6+ Kf8 44. Qxh6+ Ke8 45. Qg6+ Kd7 46.
Qg7+ Kc8 0-1

[Event "FIDE World Youth U16 Chess Olympiad SLOVAKIA 2016"]
[Site "Poprad Tatry SLOVAKIA"]
[Date "2016.07.27"]
[Round "6"]
[Board "1"]
[White "Sahidi, Samir"]
[Black "Roshka, Yevgeniy"]
[Result "1-0"]
[WhiteElo "2216"]
[BlackElo "2271"]
[PlyCount "69"]
[EventDate "2016.07.22"]
[EventType "team"]
[EventRounds "9"]
[EventCountry "SVK"]
[WhiteTeam "Slovakia 2"]
[BlackTeam "Ukraine"]

1. e4 c5 2. Nf3 d6 3. c4 Nf6 4. Nc3 e6 5. d4 cxd4 6. Nxd4 a6 7. g3 b6 8. Bg2
Bb7 9. O-O Nbd7 10. b3 Rc8 11. Qd2 Rc7 12. a4 Be7 13. Re1 O-O 14. Nc2 Nc5 15.
Rb1 Qa8 16. Qe2 Rfc8 17. Nb4 Nfd7 18. Nd3 Ne5 19. Nf4 Nc6 20. Be3 Bf6 21. Ncd5
exd5 22. Nxd5 Qa7 23. Nxf6+ gxf6 24. Qg4+ Kh8 25. Qf4 Nd7 26. Qxd6 Qb8 27. Bh3
Nce5 28. Bxd7 Nxd7 29. Bf4 Kg7 30. e5 fxe5 31. Rxe5 Nf8 32. Bh6+ Kg8 33. Qf6
Ne6 34. Rg5+ Nxg5 35. Qg7# 1-0

[Event "FIDE World Youth U16 Chess Olympiad SLOVAKIA 2016"]
[Site "Poprad Tatry SLOVAKIA"]
[Date "2016.07.27"]
[Round "6"]
[Board "2"]
[White "Yurovskich, Oleksandr"]
[Black "Haring, Filip"]
[Result "1-0"]
[WhiteElo "2167"]
[BlackElo "2155"]
[PlyCount "85"]
[EventDate "2016.07.22"]
[EventType "team"]
[EventRounds "9"]
[EventCountry "SVK"]
[WhiteTeam "Ukraine"]
[BlackTeam "Slovakia 2"]

1. g3 d5 2. Bg2 c6 3. Nf3 Nf6 4. O-O Bf5 5. b3 e6 6. Bb2 Be7 7. d3 h6 8. Nbd2
O-O 9. Re1 a5 10. e4 Bh7 11. e5 Nfd7 12. a4 Na6 13. Qe2 Nb4 14. Nf1 Nc5 15. Nd4
Qb6 16. Kh1 Rae8 17. f4 f6 18. Rad1 fxe5 19. fxe5 Bd8 20. h4 Qc7 21. Nh2 Qf7
22. Bf3 Qe7 23. Bh5 g6 24. Bf3 h5 25. Bc1 Qg7 26. g4 hxg4 27. Nxg4 Bxh4 28. Rf1
Qe7 29. Qh2 Kg7 30. Bh6+ Kg8 31. Kg2 Bg5 32. Bxf8 Rxf8 33. Rh1 Rf7 34. Be2 Na2
35. Rdf1 Rxf1 36. Bxf1 Nc3 37. Nf3 Kf8 38. Qxh7 Qxh7 39. Rxh7 Bf4 40. Nh4 g5
41. Ng6+ Ke8 42. Nf6+ Kd8 43. d4 1-0

[Event "FIDE World Youth U16 Chess Olympiad SLOVAKIA 2016"]
[Site "Poprad Tatry SLOVAKIA"]
[Date "2016.07.27"]
[Round "6"]
[Board "3"]
[White "Bango, Lukas"]
[Black "Levitskiy, Andrey"]
[Result "1/2-1/2"]
[WhiteElo "2109"]
[BlackElo "2074"]
[PlyCount "132"]
[EventDate "2016.07.22"]
[EventType "team"]
[EventRounds "9"]
[EventCountry "SVK"]
[WhiteTeam "Slovakia 2"]
[BlackTeam "Ukraine"]

1. e4 c5 2. c3 g6 3. d4 cxd4 4. cxd4 d5 5. exd5 Nf6 6. Bb5+ Nbd7 7. Nc3 Bg7 8.
Nf3 O-O 9. O-O Nb6 10. Ne5 Nbxd5 11. Re1 e6 12. Bc4 a6 13. a4 b6 14. Bg5 Nxc3
15. bxc3 Bb7 16. Qb3 Qc7 17. Rab1 Nd5 18. Bxd5 Bxd5 19. c4 Bxe5 20. dxe5 Qxc4
21. Qh3 h5 22. Qe3 Rfc8 23. Bf6 Kh7 24. Rxb6 Qxa4 25. Rd6 Rc4 26. f3 Rac8 27.
h3 Qb5 28. Kh2 Qb7 29. Ra1 R4c6 30. Qd3 Qb4 31. Rxc6 Rxc6 32. Qe3 Qb6 33. Qa3
Rc8 34. Qe7 Qb7 35. Rxa6 Qxe7 36. Bxe7 g5 37. Bxg5 Kg6 38. Bf6 Rc2 39. Kg3 Rc8
40. Rd6 Rb8 41. Rd7 Rc8 42. Rd6 Rb8 43. Rd7 Rc8 44. Re7 Rb8 45. Kh4 Rb4+ 46.
Kg3 Rb8 47. Ra7 Rc8 48. Ra4 Rb8 49. Rf4 Rc8 50. Rb4 Ra8 51. Kh4 Rc8 52. Ra4
Rc4+ 53. Rxc4 Bxc4 54. g4 hxg4 55. fxg4 Be2 56. Kg3 Bd3 57. h4 Bc2 58. Kf4 Bd1
59. Be7 Be2 60. Bf8 Bd1 61. h5+ Kh7 62. Kg5 Be2 63. Bb4 Bd1 64. Bd2 Be2 65. h6
Bd1 66. Kf6 Bxg4 1/2-1/2

[Event "FIDE World Youth U16 Chess Olympiad SLOVAKIA 2016"]
[Site "Poprad Tatry SLOVAKIA"]
[Date "2016.07.27"]
[Round "6"]
[Board "4"]
[White "Krasnokutskaya, Sofiya"]
[Black "Tomcikova, Dominika"]
[Result "1-0"]
[WhiteElo "2138"]
[BlackElo "1877"]
[PlyCount "91"]
[EventDate "2016.07.22"]
[EventType "team"]
[EventRounds "9"]
[EventCountry "SVK"]
[WhiteTeam "Ukraine"]
[BlackTeam "Slovakia 2"]

1. e4 c6 2. d4 d5 3. exd5 cxd5 4. c4 Nf6 5. Nc3 g6 6. Qb3 Bg7 7. cxd5 O-O 8.
Be2 Nbd7 9. Bf3 Nb6 10. Nge2 Bg4 11. Bxg4 Nxg4 12. a4 Nf6 13. a5 Nbxd5 14. Qxb7
e6 15. O-O Qc7 16. Qxc7 Nxc7 17. Bf4 Nfd5 18. Bg3 Rfd8 19. Rab1 Rac8 20. Rfd1
Nb4 21. Rbc1 Nc6 22. Bh4 Rd7 23. Ne4 Nd5 24. Rc4 Nce7 25. Rxc8+ Nxc8 26. Rc1
Nce7 27. Kf1 Nf5 28. Rc8+ Bf8 29. Nf6+ Nxf6 30. Bxf6 Nd6 31. Rb8 Ne4 32. Be5 f6
33. Bf4 Kf7 34. a6 Bd6 35. Bxd6 Nxd6 36. Nc3 h5 37. Ke2 Ke7 38. Kd3 e5 39. d5
e4+ 40. Nxe4 Nf5 41. Rb7 Nd6 42. Rxd7+ Kxd7 43. Nxd6 Kxd6 44. Kd4 g5 45. g3 f5
46. f4 1-0

[Event "FIDE World Youth U16 Chess Olympiad SLOVAKIA 2016"]
[Site "Poprad Tatry SLOVAKIA"]
[Date "2016.07.27"]
[Round "6"]
[Board "1"]
[White "Bjerre, Jonas"]
[Black "Walter, Szymon"]
[Result "1-0"]
[WhiteElo "2396"]
[BlackElo "2206"]
[PlyCount "73"]
[EventDate "2016.07.22"]
[EventType "team"]
[EventRounds "9"]
[EventCountry "SVK"]
[WhiteTeam "Denmark"]
[BlackTeam "Poland 1"]

1. e4 c5 2. Nf3 d6 3. d4 cxd4 4. Nxd4 Nf6 5. Nc3 g6 6. Be3 Bg7 7. f3 O-O 8. Qd2
Nc6 9. Bc4 Bd7 10. O-O-O Rc8 11. Bb3 Nxd4 12. Bxd4 b5 13. Nd5 Nxd5 14. Bxg7
Kxg7 15. exd5 a5 16. a3 b4 17. axb4 axb4 18. Qxb4 Kg8 19. Rhe1 Re8 20. Re3 Rb8
21. Qc3 Qb6 22. Bc4 Rec8 23. Rxe7 Rxc4 24. Qxc4 Qxb2+ 25. Kd2 Rb4 26. Qe2 Rd4+
27. Ke3 Bb5 28. Qe1 Rc4 29. Rd2 Rxc2 30. Rxc2 Qxc2 31. Qd2 Qf5 32. Kf2 h5 33.
Rb7 Bd3 34. Rb8+ Kg7 35. Qc3+ Kh6 36. Rh8+ Kg5 37. Qd4 1-0

[Event "FIDE World Youth U16 Chess Olympiad SLOVAKIA 2016"]
[Site "Poprad Tatry SLOVAKIA"]
[Date "2016.07.27"]
[Round "6"]
[Board "2"]
[White "Garbowski, Jakub"]
[Black "Olsen, Filip Boe"]
[Result "1/2-1/2"]
[WhiteElo "2102"]
[BlackElo "2263"]
[PlyCount "76"]
[EventDate "2016.07.22"]
[EventType "team"]
[EventRounds "9"]
[EventCountry "SVK"]
[WhiteTeam "Poland 1"]
[BlackTeam "Denmark"]

1. e4 c6 2. d4 d5 3. Nd2 dxe4 4. Nxe4 Bf5 5. Ng3 Bg6 6. h4 h6 7. Nf3 Nf6 8. Ne5
Bh7 9. Bc4 e6 10. Qe2 Be7 11. c3 O-O 12. Bd2 Nbd7 13. O-O-O Nb6 14. Bd3 Bxd3
15. Qxd3 c5 16. Be3 cxd4 17. Bxd4 Qd5 18. Kb1 Rfd8 19. Qe2 Qa5 20. Nh5 Nbd7 21.
Nxf6+ Nxf6 22. g4 Nd7 23. h5 Bg5 24. Nxd7 Rxd7 25. Qe5 Qxe5 26. Bxe5 Rad8 27.
Rxd7 Rxd7 28. f4 Bd8 29. Kc2 f6 30. Bb8 Bb6 31. Rd1 Rxd1 32. Kxd1 Kf7 33. Ke2
g6 34. Kf3 f5 35. gxf5 exf5 36. hxg6+ Kxg6 37. Be5 Kf7 38. b4 a5 1/2-1/2

[Event "FIDE World Youth U16 Chess Olympiad SLOVAKIA 2016"]
[Site "Poprad Tatry SLOVAKIA"]
[Date "2016.07.27"]
[Round "6"]
[Board "3"]
[White "Moller, Sophus Mechlenburg"]
[Black "Antolak, Julia"]
[Result "0-1"]
[WhiteElo "2142"]
[BlackElo "2059"]
[PlyCount "52"]
[EventDate "2016.07.22"]
[EventType "team"]
[EventRounds "9"]
[EventCountry "SVK"]
[WhiteTeam "Denmark"]
[BlackTeam "Poland 1"]

1. e4 c5 2. Nf3 Nc6 3. d4 cxd4 4. Nxd4 g6 5. Nc3 Bg7 6. Be3 Nf6 7. Bc4 O-O 8.
f3 e6 9. Qd2 Nxd4 10. Bxd4 d5 11. exd5 exd5 12. Bb3 Re8+ 13. Kf2 Nh5 14. g3 Be6
15. Bxg7 Nxg7 16. Nxd5 Bxd5 17. Bxd5 Qb6+ 18. Kg2 Nf5 19. Rhe1 Ne3+ 20. Kh1
Nxd5 21. Qxd5 Qf2 22. Rxe8+ Rxe8 23. Rd1 h5 24. Qb3 Re3 25. Qxb7 Re2 26. Rd8+
Kg7 0-1

[Event "FIDE World Youth U16 Chess Olympiad SLOVAKIA 2016"]
[Site "Poprad Tatry SLOVAKIA"]
[Date "2016.07.27"]
[Round "6"]
[Board "4"]
[White "Szmer, Aleksander"]
[Black "Kristensen, Bjarke Hautop"]
[Result "1-0"]
[WhiteElo "1808"]
[BlackElo "2124"]
[PlyCount "63"]
[EventDate "2016.07.22"]
[EventType "team"]
[EventRounds "9"]
[EventCountry "SVK"]
[WhiteTeam "Poland 1"]
[BlackTeam "Denmark"]

1. e4 d5 2. exd5 Qxd5 3. Nc3 Qa5 4. d4 Nf6 5. Nf3 Bf5 6. Ne5 c6 7. g4 Be4 8.
Nc4 Qd8 9. Nxe4 Nxe4 10. Bg2 Nf6 11. Bf4 e6 12. O-O Be7 13. c3 h5 14. g5 Nd5
15. Bxb8 Qxb8 16. g6 f6 17. Re1 Nf4 18. Qf3 Qc7 19. Re4 Nxg6 20. Rxe6 O-O-O 21.
Qe4 Rh6 22. Re1 Bd6 23. Rxd6 Rxd6 24. Qf5+ Kd8 25. Nxd6 Qxd6 26. Qa5+ b6 27.
Qxa7 Ne7 28. Qxb6+ Kc8 29. Bh3+ f5 30. Bxf5+ Nxf5 31. Re8+ Kd7 32. Qd8# 1-0

[Event "FIDE World Youth U16 Chess Olympiad SLOVAKIA 2016"]
[Site "Poprad Tatry SLOVAKIA"]
[Date "2016.07.27"]
[Round "6"]
[Board "1"]
[White "Lee, Qing Aun"]
[Black "Livaic, Leon"]
[Result "0-1"]
[WhiteElo "2250"]
[BlackElo "2447"]
[PlyCount "88"]
[EventDate "2016.07.22"]
[EventType "team"]
[EventRounds "9"]
[EventCountry "SVK"]
[WhiteTeam "Singapore"]
[BlackTeam "Croatia"]

1. e4 e6 2. d4 d5 3. Nd2 Nc6 4. Ngf3 Nf6 5. Bd3 Nb4 6. O-O Nxd3 7. cxd3 Be7 8.
e5 Nd7 9. Nb3 b6 10. Be3 Bb7 11. Rc1 Rc8 12. Ne1 O-O 13. f4 f5 14. Rf3 c5 15.
Rh3 g6 16. dxc5 bxc5 17. d4 c4 18. Nd2 Qa5 19. Bf2 Bc6 20. a3 Ba4 21. Qe2 Rb8
22. Nb1 Rb7 23. Nc3 Rfb8 24. Nxa4 Qxa4 25. Rc2 Rb3 26. Rxb3 Qxb3 27. h4 h5 28.
Nf3 Nb6 29. Be3 Na4 30. Bc1 Kf7 31. Ng5+ Bxg5 32. hxg5 Rb6 33. Qf2 Ke8 34. Kh2
Kd7 35. Qe2 Kc6 36. Qd2 Kb7 37. Qf2 Qd3 38. Rd2 Qb3 39. Rc2 c3 40. bxc3 Nxc3
41. Qd2 Ne4 42. Qe2 h4 43. Be3 Ng3 44. Qe1 Qxc2 0-1

[Event "FIDE World Youth U16 Chess Olympiad SLOVAKIA 2016"]
[Site "Poprad Tatry SLOVAKIA"]
[Date "2016.07.27"]
[Round "6"]
[Board "2"]
[White "Muha, Miljenko"]
[Black "Woong, Zhi Wei William"]
[Result "1/2-1/2"]
[WhiteElo "2257"]
[BlackElo "2008"]
[PlyCount "121"]
[EventDate "2016.07.22"]
[EventType "team"]
[EventRounds "9"]
[EventCountry "SVK"]
[WhiteTeam "Croatia"]
[BlackTeam "Singapore"]

1. d4 d5 2. c4 e6 3. Nc3 Be7 4. cxd5 exd5 5. Bf4 c6 6. Qc2 Bd6 7. Bxd6 Qxd6 8.
e3 Qg6 9. Qxg6 hxg6 10. Bd3 Nf6 11. Nf3 Bf5 12. Ke2 Nbd7 13. h3 Ne4 14. Rhc1
Nxc3+ 15. Rxc3 Ke7 16. Rb1 a5 17. Nd2 Kd6 18. Rd1 Rhe8 19. Nb3 Bxd3+ 20. Kxd3
a4 21. Nc1 Nf6 22. Ke2 Ne4 23. Ra3 Kc7 24. Kf1 Nd6 25. Rc3 Nc4 26. Nd3 a3 27.
b3 Nb2 28. Rd2 Nxd3 29. Rdxd3 Kd6 30. Ke2 g5 31. Kd2 Rh8 32. Rc1 f5 33. Re1 b6
34. Kc2 Rhc8 35. Red1 Ke6 36. Rc3 Rc7 37. b4 Kd6 38. Kb3 b5 39. Rdc1 Ra6 40.
Re1 Re7 41. Rc2 Ra8 42. Rce2 Rae8 43. f3 g6 44. Kc2 g4 45. hxg4 fxg4 46. e4
gxf3 47. gxf3 Rf8 48. Rg2 Re6 49. Re3 dxe4 50. fxe4 Rf1 51. Rg4 Rf2+ 52. Kb3
Rd2 53. Kxa3 Rxd4 54. Kb3 c5 55. bxc5+ Kxc5 56. a3 Kb6 57. Kc3 Ra4 58. Kb3 Rd4
59. Kc3 Ra4 60. Kd2 b4 61. Rb3 1/2-1/2

[Event "FIDE World Youth U16 Chess Olympiad SLOVAKIA 2016"]
[Site "Poprad Tatry SLOVAKIA"]
[Date "2016.07.27"]
[Round "6"]
[Board "3"]
[White "Lau, Ende Matthew"]
[Black "Cvitan, Ena"]
[Result "1-0"]
[WhiteElo "1880"]
[BlackElo "2030"]
[PlyCount "101"]
[EventDate "2016.07.22"]
[EventType "team"]
[EventRounds "9"]
[EventCountry "SVK"]
[WhiteTeam "Singapore"]
[BlackTeam "Croatia"]

1. e4 c6 2. d4 d5 3. e5 Bf5 4. h4 c5 5. dxc5 h5 6. Be3 e6 7. Nc3 Nc6 8. Bb5 Qc7
9. Nf3 Bg4 10. Bxc6+ bxc6 11. Qd4 Bxf3 12. gxf3 Ne7 13. Ne2 Nf5 14. Qc3 g6 15.
Ng3 Bg7 16. Nxf5 exf5 17. f4 O-O 18. Bd4 Rfe8 19. Kf1 a5 20. Kg2 Rab8 21. a3
Bh6 22. Kg3 Rb5 23. Rhe1 Qe7 24. Qd2 Reb8 25. b3 Qe6 26. f3 Bf8 27. Qc3 Be7 28.
Rab1 Bd8 29. Qd2 Qe7 30. Rh1 Qe6 31. b4 Ra8 32. c3 Rb7 33. Rb3 Qe7 34. Kg2 Qe6
35. Rbb1 Qe7 36. Ra1 Rab8 37. Bf2 Qe6 38. Rhb1 Bc7 39. Qd4 Bd8 40. Ra2 Be7 41.
Rab2 Rb5 42. a4 Bxc5 43. Qd2 Bxf2 44. axb5 Bxh4 45. bxa5 cxb5 46. Rxb5 Rxb5 47.
Rxb5 Qc6 48. Rxd5 Be7 49. Rd7 Bc5 50. Qd5 Qxd5 51. Rxd5 1-0

[Event "FIDE World Youth U16 Chess Olympiad SLOVAKIA 2016"]
[Site "Poprad Tatry SLOVAKIA"]
[Date "2016.07.27"]
[Round "6"]
[Board "4"]
[White "Radenic, Filip"]
[Black "Lee, Jun Wei"]
[Result "0-1"]
[WhiteElo "2083"]
[BlackElo "1856"]
[PlyCount "94"]
[EventDate "2016.07.22"]
[EventType "team"]
[EventRounds "9"]
[EventCountry "SVK"]
[WhiteTeam "Croatia"]
[BlackTeam "Singapore"]

1. c4 b6 2. Nf3 Bb7 3. e3 e6 4. Be2 f5 5. b3 Nf6 6. Bb2 Be7 7. O-O O-O 8. d3
Qe8 9. Nbd2 a5 10. a3 Na6 11. Bc3 h6 12. Qc2 d6 13. b4 axb4 14. axb4 e5 15. Ra2
c5 16. Rb1 Qd7 17. Rab2 Ra7 18. Rb3 Nb8 19. bxc5 bxc5 20. Qb2 Bxf3 21. Bxf3 Nc6
22. Rb7 Rxb7 23. Qxb7 Nd8 24. Bd5+ Kh7 25. Qa6 Qe8 26. Rb8 Nxd5 27. cxd5 Qf7
28. Qa8 e4 29. Ba5 f4 30. Nxe4 fxe3 31. f3 Bh4 32. Kf1 Qg6 33. Bxd8 e2+ 34.
Kxe2 Qxg2+ 35. Kd1 Qf1+ 36. Kc2 Qe2+ 37. Nd2 Rxf3 38. Bxh4 Qxd3+ 39. Kc1 Qc3+
40. Kd1 Re3 41. Rh8+ Kg6 42. Qa4 Qe5 43. Qc2+ Kh5 44. Bg3 Qxd5 45. Rf8 Rd3 46.
Rf1 c4 47. Kc1 Qd4 0-1

[Event "FIDE World Youth U16 Chess Olympiad SLOVAKIA 2016"]
[Site "Poprad Tatry SLOVAKIA"]
[Date "2016.07.27"]
[Round "6"]
[Board "1"]
[White "Keinanen, Toivo"]
[Black "Chen, Richard"]
[Result "1/2-1/2"]
[WhiteElo "2274"]
[BlackElo "2259"]
[PlyCount "128"]
[EventDate "2016.07.22"]
[EventType "team"]
[EventRounds "9"]
[EventCountry "SVK"]
[WhiteTeam "Finland"]
[BlackTeam "Canada"]

1. c4 e5 2. g3 Nc6 3. Nc3 g6 4. Bg2 Bg7 5. e4 d6 6. Nge2 f5 7. d3 Nf6 8. O-O
O-O 9. Nd5 f4 10. gxf4 Nh5 11. fxe5 dxe5 12. Be3 Nd4 13. Ng3 c6 14. Nxh5 gxh5
15. Nc3 h4 16. h3 Be6 17. f3 Rf7 18. Ne2 Qd7 19. Kh2 Qd6 20. Bxd4 exd4+ 21. f4
Raf8 22. Qe1 Rxf4 23. Nxf4 Rxf4 24. Kh1 Rxf1+ 25. Qxf1 Qe5 26. Qf2 Bf8 27. Qxh4
Bd6 28. Kg1 Qh2+ 29. Kf1 Bf4 30. Re1 Be3 31. Rxe3 dxe3 32. Qg5+ Kf7 33. Qxe3
Qe5 34. Qf2+ Kg7 35. Kg1 c5 36. Bf1 b6 37. b3 Kg6 38. Kg2 Qc3 39. Be2 Kg7 40.
Qg3+ Kh8 41. Qf4 Qg7+ 42. Kh2 Qb2 43. Qf8+ Bg8 44. Kg3 Qe5+ 45. Qf4 Qg7+ 46.
Kf2 Qd4+ 47. Qe3 Qf6+ 48. Kg2 Qg7+ 49. Qg3 Qb2 50. Kf3 Bf7 51. Qg5 Qxa2 52.
Qf6+ Kg8 53. Qd8+ Kg7 54. Qg5+ Kf8 55. e5 Qa1 56. Qh6+ Kg8 57. e6 Bg6 58. Qh4
Qe5 59. Qd8+ Kg7 60. Qe7+ Kg8 61. Kf2 Qd4+ 62. Kg2 Qb2 63. Qd8+ Kg7 64. Kf2
Qf6+ 1/2-1/2

[Event "FIDE World Youth U16 Chess Olympiad SLOVAKIA 2016"]
[Site "Poprad Tatry SLOVAKIA"]
[Date "2016.07.27"]
[Round "6"]
[Board "2"]
[White "Bellissimo, Joseph F."]
[Black "Nazarova, Anastasia"]
[Result "1-0"]
[WhiteElo "2100"]
[BlackElo "2032"]
[PlyCount "71"]
[EventDate "2016.07.22"]
[EventType "team"]
[EventRounds "9"]
[EventCountry "SVK"]
[WhiteTeam "Canada"]
[BlackTeam "Finland"]

1. e4 c5 2. Nf3 Nc6 3. Bb5 g6 4. Bxc6 dxc6 5. d3 Bg7 6. h3 e5 7. Nc3 Ne7 8. Be3
Qd6 9. Qd2 O-O 10. Bh6 Rd8 11. h4 f6 12. O-O-O b5 13. Ne2 a5 14. Nh2 b4 15.
Bxg7 Kxg7 16. f4 Be6 17. fxe5 Qxe5 18. Nf3 Qd6 19. h5 Ng8 20. hxg6 hxg6 21.
Rdf1 c4 22. e5 fxe5 23. Ng5 Bf5 24. Rh7+ Kf8 25. g4 cxd3 26. Qxd3 Qf6 27. Qe3
Ke8 28. gxf5 gxf5 29. Rf7 Qd6 30. R7xf5 Ne7 31. Rf8+ Kd7 32. Rxd8+ Rxd8 33. Nf7
Qe6 34. Nxd8 Qxa2 35. Qd3+ Nd5 36. Qh7+ 1-0

[Event "FIDE World Youth U16 Chess Olympiad SLOVAKIA 2016"]
[Site "Poprad Tatry SLOVAKIA"]
[Date "2016.07.27"]
[Round "6"]
[Board "3"]
[White "Lahdelma, Henri"]
[Black "Song, Ziyuan (sam)"]
[Result "0-1"]
[WhiteElo "1864"]
[BlackElo "2049"]
[PlyCount "90"]
[EventDate "2016.07.22"]
[EventType "team"]
[EventRounds "9"]
[EventCountry "SVK"]
[WhiteTeam "Finland"]
[BlackTeam "Canada"]

1. d4 Nf6 2. c4 e6 3. Nc3 Bb4 4. e3 O-O 5. Bd3 d5 6. Nf3 c5 7. O-O dxc4 8. Bxc4
Nbd7 9. a3 cxd4 10. exd4 Bxc3 11. bxc3 Qc7 12. Qb3 b6 13. Re1 Bb7 14. Be2 Rac8
15. c4 Ba6 16. Nd2 e5 17. Bb2 exd4 18. Bxd4 Rfe8 19. Bf1 Qf4 20. Be3 Qc7 21. c5
Ng4 22. g3 Bb7 23. cxb6 Qc6 24. f3 Nxe3 25. Rxe3 Rxe3 26. Qxe3 Nxb6 27. Re1 Rf8
28. Bd3 Nd5 29. Qd4 Qc7 30. Qxa7 Qc3 31. Qxb7 Qxd2 32. Qxd5 Qxe1+ 33. Kg2 Qd2+
34. Kh3 Qh6+ 35. Kg2 Rb8 36. Bb5 Rc8 37. Bc4 Qg6 38. Bb3 Qf6 39. Qb7 Rd8 40.
Bd5 Qf5 41. Be4 Qe5 42. Qb4 Rb8 43. Qa4 Rb2+ 44. Kf1 g6 45. Qc4 Rxh2 0-1

[Event "FIDE World Youth U16 Chess Olympiad SLOVAKIA 2016"]
[Site "Poprad Tatry SLOVAKIA"]
[Date "2016.07.27"]
[Round "6"]
[Board "4"]
[White "Ouellet, Maili-Jade"]
[Black "Wartiovaara, Oliver"]
[Result "1-0"]
[WhiteElo "1947"]
[BlackElo "1513"]
[PlyCount "83"]
[EventDate "2016.07.22"]
[EventType "team"]
[EventRounds "9"]
[EventCountry "SVK"]
[WhiteTeam "Canada"]
[BlackTeam "Finland"]

1. d4 Nf6 2. c4 c5 3. d5 b5 4. cxb5 a6 5. bxa6 Bxa6 6. b3 g6 7. Bb2 Bg7 8. g3
O-O 9. Bg2 d6 10. Nh3 Nbd7 11. O-O Qc7 12. Nf4 Rfb8 13. h4 h5 14. Nd2 Nb6 15.
Qc2 Ne8 16. Rfc1 Bxb2 17. Qxb2 Ra7 18. a4 Bc8 19. Qc3 Ng7 20. e4 e5 21. Nd3 Bd7
22. a5 Na8 23. f4 f6 24. Ra3 Bb5 25. Nb2 Ba6 26. Ndc4 Rb4 27. Qf3 Qd8 28. Rf1
Ne8 29. fxe5 dxe5 30. g4 hxg4 31. Qxg4 Kh7 32. h5 Rg7 33. Kf2 Bc8 34. hxg6+
Rxg6 35. Rh1+ Kg7 36. Qh5 Kf7 37. Nd3 Ng7 38. Ndxe5+ fxe5 39. Nxe5+ Kf6 40.
Qxg6+ Kxe5 41. Qxg7+ Kf4 42. Qg3# 1-0